L'Habitat rural en Egypte /
المؤلف الرئيسي:
مؤلفون آخرون:
التنسيق: كتاب
اللغة: French
منشور في:
[Le Caire] :
Imprimerie de L'Institut francais d'archeologie orientale du Caire, pour la Societe royale de geographie d'Egypte,
1930.
سلاسل:
Publications de la Société royale de géographie d'Égypte.
الموضوعات:
الوسوم: إضافة وسم
رقم الطلب: DT48 .L6 1930
| LEADER | 01069namaa2200265 4500 | ||
|---|---|---|---|
| 001 | 18915 | ||
| 003 | OSt | ||
| 005 | 20260324101434.0 | ||
| 008 | 130303s1930 ua abef b 000 0 fre d | ||
| 040 | |c ARCE Library | ||
| 043 | |a f-ua--- | ||
| 050 | 4 | |a DT48 .L6 1930 | |
| 100 | 1 | |a Lozach, Jean, |e author |9 34943 | |
| 245 | 1 | 2 | |a L'Habitat rural en Egypte / |c par mm. J. Lozach et G. Hug ; préface par m. A. Demangeon. |
| 264 | 1 | |a [Le Caire] : |b Imprimerie de L'Institut francais d'archeologie orientale du Caire, pour la Societe royale de geographie d'Egypte, |c 1930. | |
| 300 | |a xxiii, 218 pages, 30 leaves of plates : |b illustrations, fold. maps, plans ; |c 28 cm. | ||
| 490 | 0 | |a Publications de la Société royale de géographie d'Égypte. | |
| 504 | |a "Notes bibliographiques": p. [xxi]-xxiii. | ||
| 505 | 0 | |a Basse-Égypte, par J. Lozach -- Moyenne-Égypte, Haute-Égypte, Fayoûm, par G. Hug. | |
| 650 | 0 | |a Architecture, Domestic |z Egypt. | |
| 650 | 0 | |a Farm buildings |z Egypt. | |
| 700 | 1 | |a Hug, Georges. |9 32354 | |
| 901 | |a reviewed | ||
| 942 | |c BK |2 lcc | ||
| 999 | |c 15971 |d 15971 | ||
